List of Airports in Hong Kong - Statistics

General Stats
  • This quiz has been taken 94 times
  • The average score is 2 of 5
Answer Stats
Opening Years Answer % Correct
1925-1998 Kai Tak Airport
100%
1998- Chek Lap Kok International Airport
87%
1950- Shek Kong Airfield
25%
1949-1970s Sha Tin Airfield
20%
1949-1950s Fanling Airstrip
9%
No matching quizzes found
Score Distribution
Percent of People with Each Score
Percentile by Number Answered
Your Score History
You have not taken this quiz